Statistics for World Geography by letter U

Click here to take the quiz!

General Stats

  • This quiz has been taken 79 times
    (38 since last reset)
  • The average score is 10 of 15

Answer Stats

HintAnswer% Correct
Country in AfricaUganda
100%
This Country is famous for containing DubaiUnited Arab Emirates
97%
Country with the strongest militaryUnited States of America
91%
Salt Lake City is the Capital of this StateUtah
91%
Country invaded by Russia in 2021Ukraine
89%
Country in Central AsiaUzbekistan
89%
Country in South AmericaUruguay
86%
Mountain range that separates the European part of Russia, from SiberiaUral Mountains
80%
Language spoken in Pakistan and IndiaUrdu
74%
Most populated State in IndiaUttar Pradesh
54%
Region in Central ItalyUmbria
43%
City where Albert Einstein was bornUlm
40%
Turkic ethnic group, native to XinjiangUyghurs
37%
Peninsula in Northwestern MichiganUpper Peninsula
31%
State in Northern IndiaUttarakhand
26%

Score Distribution

Percentile by Number Answered

Percent of People with Each Score

Your Score History

You have not taken this quiz since the last reset